<?xml version="1.0" encoding="UTF-8"?>
<record
    xmlns:xsi="http://www.w3.org/2001/XMLSchema-instance"
    xsi:schemaLocation="http://www.loc.gov/MARC21/slim http://www.loc.gov/standards/marcxml/schema/MARC21slim.xsd"
    xmlns="http://www.loc.gov/MARC21/slim">

  <leader>00740nam a2200217   4500</leader>
  <controlfield tag="001">202838</controlfield>
  <datafield tag="090" ind1=" " ind2=" ">
    <subfield code="a">202838</subfield>
  </datafield>
  <datafield tag="100" ind1=" " ind2=" ">
    <subfield code="a">20251104              pory50       </subfield>
  </datafield>
  <datafield tag="200" ind1=" " ind2=" ">
    <subfield code="a">O belo e o sublime</subfield>
    <subfield code="f">Immanuel Kant</subfield>
    <subfield code="g">tradu&#xE7;&#xE3;o de Alberto Machado Cruz</subfield>
    <subfield code="e">ensaio e est&#xE9;tica e moral</subfield>
  </datafield>
  <datafield tag="210" ind1=" " ind2=" ">
    <subfield code="a">Porto</subfield>
    <subfield code="c">Livraria Educa&#xE7;&#xE3;o Especial</subfield>
    <subfield code="d">1942</subfield>
  </datafield>
  <datafield tag="215" ind1=" " ind2=" ">
    <subfield code="a">102 p.</subfield>
    <subfield code="c">brochado</subfield>
    <subfield code="d">18 cm </subfield>
  </datafield>
  <datafield tag="225" ind1=" " ind2=" ">
    <subfield code="a">Obras primas de todos os tempos</subfield>
  </datafield>
  <datafield tag="300" ind1=" " ind2=" ">
    <subfield code="a">Cont&#xE9;m dedicat&#xF3;ria na folha de guarda</subfield>
  </datafield>
  <datafield tag="606" ind1=" " ind2=" ">
    <subfield code="9">32</subfield>
    <subfield code="a">Filosofia</subfield>
  </datafield>
  <datafield tag="610" ind1=" " ind2=" ">
    <subfield code="a">Conceito, fun&#xE7;&#xE3;o, m&#xE9;todos da &#xE9;tica</subfield>
  </datafield>
  <datafield tag="675" ind1=" " ind2=" ">
    <subfield code="a">17.01</subfield>
    <subfield code="v">PT</subfield>
    <subfield code="z">por</subfield>
  </datafield>
  <datafield tag="700" ind1=" " ind2=" ">
    <subfield code="9">2656</subfield>
    <subfield code="a">kant</subfield>
    <subfield code="b">Immanuel</subfield>
    <subfield code="f">1724-1804</subfield>
  </datafield>
  <datafield tag="702" ind1=" " ind2=" ">
    <subfield code="9">17686</subfield>
    <subfield code="a">Cruz</subfield>
    <subfield code="b">Alberto Machado</subfield>
  </datafield>
  <datafield tag="801" ind1=" " ind2=" ">
    <subfield code="a">PT</subfield>
    <subfield code="b">BMMN</subfield>
    <subfield code="g">RPC</subfield>
  </datafield>
  <datafield tag="830" ind1=" " ind2=" ">
    <subfield code="c">Ana Falardo</subfield>
    <subfield code="f">Ana Falardo</subfield>
  </datafield>
  <datafield tag="990" ind1=" " ind2=" ">
    <subfield code="c">LIVROS</subfield>
  </datafield>
  <datafield tag="995" ind1=" " ind2=" ">
    <subfield code="0">0</subfield>
    <subfield code="2">0</subfield>
    <subfield code="5">2026-07-02</subfield>
    <subfield code="9">32650</subfield>
    <subfield code="b">BMMN</subfield>
    <subfield code="f">32360</subfield>
    <subfield code="k">17.01 KAN|SAF</subfield>
    <subfield code="o">0</subfield>
    <subfield code="r">LIVROS</subfield>
    <subfield code="u">Acesso Condicionado </subfield>
    <subfield code="s">Oferta</subfield>
  </datafield>
</record>
